000 00351nam a2200145Ia 4500
008 100122s9999 xx 000 0 und d
082 _b46227
_a301.3
100 _aMOWAT FARLEY
245 _aPEOPLE OF THE DEER
260 _bSOUVENIR PRESS
_c1989
300 _a318
630 _aPEOPLE OF THE DEER
730 _aPEOPLE OF THE DEER
942 _cBOOK
999 _c373970
_d373967